| 000 -LEADER |
| fixed length control field |
00787cam a22002655i 4500 |
| 003 - CONTROL NUMBER IDENTIFIER |
| control field |
OSt |
| 005 - DATE AND TIME OF LATEST TRANSACTION |
| control field |
20220316140917.0 |
| 008 - FIXED-LENGTH DATA ELEMENTS--GENERAL INFORMATION |
| fixed length control field |
201201s2020 ne 000 0 eng |
| 010 ## - LIBRARY OF CONGRESS CONTROL NUMBER |
| LC control number |
2021355523 |
| 020 ## - INTERNATIONAL STANDARD BOOK NUMBER |
| International Standard Book Number |
9789492095930 |
| 035 ## - SYSTEM CONTROL NUMBER |
| System control number |
(NL-AmEBA)000360247 |
| 040 ## - CATALOGING SOURCE |
| Original cataloging agency |
DLC |
| Language of cataloging |
eng |
| Transcribing agency |
DLC |
| Description conventions |
rda |
| 042 ## - AUTHENTICATION CODE |
| Authentication code |
pcc |
| 082 ## - DEWEY DECIMAL CLASSIFICATION NUMBER |
| Classification number |
720 |
| Item number |
PAI |
| 100 1# - MAIN ENTRY--PERSONAL NAME |
| Personal name |
Paine, Ashley (Ed.) |
| 245 10 - TITLE STATEMENT |
| Title |
Valuing architecture : |
| Remainder of title |
Heritage and the economics of culture / |
| Statement of responsibility, etc |
Ashley Paine, Susan Holden, John Macarthur. |
| 300 ## - PHYSICAL DESCRIPTION |
| Extent |
286 pages ; |
| Dimensions |
cm. |
| 490 0# - SERIES STATEMENT |
| Series statement |
Vis-à-vis |
| 700 1# - ADDED ENTRY--PERSONAL NAME |
| Personal name |
Paine, Ashley. |
| 700 1# - ADDED ENTRY--PERSONAL NAME |
| Personal name |
Holden, Susan. |
| 700 1# - ADDED ENTRY--PERSONAL NAME |
| Personal name |
Macarthur, John. |
| 906 ## - LOCAL DATA ELEMENT F, LDF (RLIN) |
| a |
0 |
| b |
ibc |
| c |
origres |
| d |
3 |
| e |
ncip |
| f |
20 |
| g |
y-gencatlg |
| 942 ## - ADDED ENTRY ELEMENTS (KOHA) |
| Source of classification or shelving scheme |
|
| 955 ## - COPY-LEVEL INFORMATION (RLIN) |
| Classification number, CCAL (RLIN) |
ve17 2017-05-07 |
| Book number/undivided call number, CCAL (RLIN) |
bd19 2021-06-02 (TW Situational) |